Wards of Osaka - Map Quiz (Highlighted Version) - Statistics

General Stats
  • This quiz has been taken 32 times
  • The average score is 10 of 24
Answers on the Map
Answers color-coded by a green-red scale on the quiz's map according to % correct below.
 
Answer Stats
Answer % Correct
Higashi-Yodogawa
60%
Asahi
53%
Fukushima
53%
Kita
53%
Abeno
47%
Chuo
47%
Hirano
47%
Konohana
47%
Minato
47%
Nishi
47%
Ikuno
40%
Joto
40%
Taisho
40%
Tsurumi
40%
Yodogawa
40%
Higashi-Sumiyoshi
33%
Miyakojima
33%
Nishinari
33%
Nishi-Yodogawa
33%
Suminoe
33%
Higashinari
27%
Naniwa
27%
Tennoji
27%
Sumiyoshi
20%
No matching quizzes found
Score Distribution
Percent of People with Each Score
Percentile by Number Answered
Your Score History
You have not taken this quiz